El Espino: ¿Hacia el deterioro irreversible del medio ambiente en la ciudad de San Salvador? /
Gorde:
| Egile nagusia: | |
|---|---|
| Egile korporatiboa: | , |
| Beste egile batzuk: | |
| Formatua: | Texto |
| Argitaratua: |
México D.F:
Habitat International Coalition
|
| Etiketak: |
Etiketa erantsi
Etiketarik gabe, Izan zaitez lehena erregistro honi etiketa jartzen!
|
MARC
| LEADER | 00000 a a2200000 04500 | ||
|---|---|---|---|
| 001 | 24199 | ||
| 003 | |||
| 040 | |||
| 090 | |a 171600 | ||
| 100 | |a Lungo Uclés, Mario | ||
| 110 | |a Asentamientos Humanos Desarrollo y Medio Ambiente | ||
| 245 | |a El Espino: ¿Hacia el deterioro irreversible del medio ambiente en la ciudad de San Salvador? / |c Asentamientos Humanos Desarrollo y Medio Ambiente | ||
| 260 | |a México D.F: |b Habitat International Coalition | ||
| 300 | |a 28 p | ||
| 700 | |a Barba, Jaime Francisco | ||
| 710 | |a Habitat International Coalition | ||
| 999 | |c 1196 |d 1196 | ||
